The rainbow. (Record no. 233324)
[ view plain ]
| 000 -LEADER | |
|---|---|
| fixed length control field | 00578cam a2200181u 4500 |
| 001 - CONTROL NUMBER | |
| control field | 10239956 |
| 003 - CONTROL NUMBER IDENTIFIER | |
| control field | Nust |
| 005 - DATE AND TIME OF LATEST TRANSACTION | |
| control field | 20170306194224.0 |
| 008 - FIXED-LENGTH DATA ELEMENTS--GENERAL INFORMATION | |
| fixed length control field | 830523s1915 enk 000 0 eng |
| 010 ## - LIBRARY OF CONGRESS CONTROL NUMBER | |
| LC control number | 50048142 |
| 020 ## - INTERNATIONAL STANDARD BOOK NUMBER | |
| International Standard Book Number | 9780141441382 |
| 040 ## - CATALOGING SOURCE | |
| Original cataloging agency | DLC |
| Transcribing agency | CarP |
| Modifying agency | DLC |
| 050 00 - LIBRARY OF CONGRESS CALL NUMBER | |
| Classification number | PR6023.A93 |
| Item number | R3 1915 (Rare Bk. Coll.) |
| 082 ## - DEWEY DECIMAL CLASSIFICATION NUMBER | |
| Classification number | 823.912 |
| Author Mark | LAW |
| 100 1# - MAIN ENTRY--PERSONAL NAME | |
| Personal name | Lawrence, D. H. |
| Fuller form of name | (David Herbert), |
| Dates associated with a name | 1885-1930. |
| 245 14 - TITLE STATEMENT | |
| Title | The rainbow. |
| Statement of responsibility, etc. | Lawrence, D. H |
| 260 ## - PUBLICATION, DISTRIBUTION, ETC. | |
| Place of publication, distribution, etc. | London, |
| Name of publisher, distributor, etc. | Methuen |
| Date of publication, distribution, etc. | 1915 |
| 300 ## - PHYSICAL DESCRIPTION | |
| Extent | vii, 491 p. |
| Dimensions | 20 cm. |
| 650 ## - SUBJECT ADDED ENTRY--TOPICAL TERM | |
| Topical term or geographic name entry element | Families |
| General subdivision | Fiction |
| 906 ## - LOCAL DATA ELEMENT F, LDF (RLIN) | |
| a | 0 |
| b | cbc |
| c | premunv |
| d | u |
| e | ncip |
| f | 19 |
| g | y-gencatlg |
| 942 ## - ADDED ENTRY ELEMENTS (KOHA) | |
| Source of classification or shelving scheme | |
| Koha item type | Book |
| Withdrawn status | Lost status | Source of classification or shelving scheme | Damaged status | Not for loan | Collection code | Permanent Location | Current Location | Shelving location | Date acquired | Total Checkouts | Full call number | Barcode | Date last seen | Date last checked out | Copy number | Price effective from | Koha item type |
|---|---|---|---|---|---|---|---|---|---|---|---|---|---|---|---|---|---|
| Central Library (CL) | Central Library (CL) | Fiction | 03/06/2017 | 1 | 823.912 LAW | CL772 | 08/20/2022 | 09/18/2019 | 1 | 03/06/2017 | Book |
